Resolución de conflictos y mediación : diseño de intervención para la resolución de conflictos entre dos grupos que han tenido un enfrentamiento en una organización social /

Detalles Bibliográficos
Autor principal: López Azcona, Marga (Autor)
Formato: Electrónico eBook
Lenguaje:español
Publicado: Barcelona : ediciones carena, [2022]
Materias:
Acceso en línea:Digitalia Hispánica

MARC

LEADER 00000nam a2200000Ii 4500
001 DIGCAR0172
003 NyNyDIG
006 m o d
007 cr |||||||||||
008 250505s2022 sp ob 000 0 spa d
035 |a (OCoLC)1519504035 
040 |a DGITA  |b eng  |e rda  |e pn  |c DGITA 
020 |z 9788419136336 
050 1 4 |a HD42 ebook 
100 1 |a López Azcona, Marga,  |e author. 
245 1 0 |a Resolución de conflictos y mediación :  |b diseño de intervención para la resolución de conflictos entre dos grupos que han tenido un enfrentamiento en una organización social /  |c Marga López Azcona. 
264 1 |a Barcelona :  |b ediciones carena,  |c [2022] 
300 |a 1 online resource. 
336 |a text  |b txt  |2 rdacontent 
337 |a computer  |b c  |2 rdamedia 
338 |a online resource  |b cr  |2 rdacarrier 
347 |a text file  |2 rdaft 
347 |b PDF 
504 |a Includes bibliographical references. 
588 0 |a Online resource; title from PDF title page (Digitalia, viewed May 5, 2025) 
650 0 |a Conflict management. 
650 0 |a Mediation. 
791 2 |a Digitalia (Firm),  |e distributor. 
793 0 |g Digitalia eBook Collection:  |a Ediciones Carena 
776 0 8 |i Print version:  |a López Azcona, Marga.  |t Resolución de conflictos y mediación.  |b Primera edición.  |d Barcelona : ediciones carena, [2022]  |z 9788419136336 
856 4 0 |3 Digitalia Hispánica  |u https://www.digitaliapublishing.com/a/172613/ 
910 |a Premium collection: 2025